<?xml version="1.0" encoding="UTF-8"?>
<collection xmlns="http://www.loc.gov/MARC21/slim">
 <record>
  <leader>01416nam a2200205Ia 4500</leader>
  <controlfield tag="001">CTU_204028</controlfield>
  <controlfield tag="008">210402s9999    xx            000 0 und d</controlfield>
  <datafield tag="020" ind1=" " ind2=" ">
   <subfield code="c">98000</subfield>
  </datafield>
  <datafield tag="082" ind1=" " ind2=" ">
   <subfield code="a">649.157951</subfield>
  </datafield>
  <datafield tag="082" ind1=" " ind2=" ">
   <subfield code="b">H401</subfield>
  </datafield>
  <datafield tag="100" ind1=" " ind2=" ">
   <subfield code="a">Lưu, Vệ Hoa</subfield>
  </datafield>
  <datafield tag="245" ind1=" " ind2="0">
   <subfield code="a">Em phải đến Harvard học kinh tế</subfield>
  </datafield>
  <datafield tag="245" ind1=" " ind2="0">
   <subfield code="c">Lưu Vệ Hoa, Trương Hân Vũ ; Anlebooks dịch</subfield>
  </datafield>
  <datafield tag="260" ind1=" " ind2=" ">
   <subfield code="a">Hà Nội</subfield>
  </datafield>
  <datafield tag="260" ind1=" " ind2=" ">
   <subfield code="b">Bách khoa</subfield>
  </datafield>
  <datafield tag="260" ind1=" " ind2=" ">
   <subfield code="c">2015</subfield>
  </datafield>
  <datafield tag="520" ind1=" " ind2=" ">
   <subfield code="a">Giới thiệu một số kinh nghiệm và cũng là phương pháp giáo dục con học giỏi, phát triển tố chất toàn diện của gia đình Lưu Vệ Hoa (mẹ Lưu Diệc Đình): giáo dục từ khi bắt đầu 0 tuổi, chú trọng phát triển trí lực thời kỳ 3-6 tuổi, bồi dưỡng thói quen học tập, rèn luyện tác phong độc lập làm bài, tăng cường mối liên hệ với con... kết hợp với những yếu tố giáo dục của nhà trường và sự nỗ lực của bản thân đã giúp Lưu Diệc Đình được tuyển thẳng vào đại học Harvard cũng như 4 trường đại học danh tiếng khác ở Mỹ</subfield>
  </datafield>
  <datafield tag="650" ind1=" " ind2=" ">
   <subfield code="a">Child rearing,Nuôi dưỡng trẻ</subfield>
  </datafield>
  <datafield tag="904" ind1=" " ind2=" ">
   <subfield code="i">Hải</subfield>
  </datafield>
  <datafield tag="980" ind1=" " ind2=" ">
   <subfield code="a">Trung tâm Học liệu Trường Đại học Cần Thơ</subfield>
  </datafield>
 </record>
</collection>
